Agricultura: sin avances significativos, pero con la voluntad de ir hacia adelante

Guardat en:
Dades bibliogràfiques
Format: Text
Matèries:
Etiquetes: Afegir etiqueta
Sense etiquetes, Sigues el primer a etiquetar aquest registre!

MARC

LEADER 00000 a a2200000 04500
001 13138
003
040
245 |a Agricultura: sin avances significativos, pero con la voluntad de ir hacia adelante  
650 |a AGRICULTURA  
650 |a OMC  
650 |a EXPORTACIONES  
773 |g volumen 8, número 6; páginas 6  
999 |c 28189  |d 28189